Vstupná cena hmotného majetku

Pokračovanie príspevku z predchádzajúceho čísla. Vysvetlenie odpisovania vstupnej ceny pri majetku v podielovom spoluvlastníctve účastníkov združenia a majetku nadobudnutého podnikovými kombináciami.

Na minha lista:
Detalhes bibliográficos
Autor principal: Vanková, Lucia
Formato: Capítulo de Livro
Idioma:eslovaco
Assuntos:
Tags: Adicionar Tag
Sem tags, seja o primeiro a adicionar uma tag!

MARC

LEADER 00000naa a2200000 4500
001 0227440
005 20170302064726.7
041 0 |a slo 
044 |a SK 
245 1 0 |a Vstupná cena hmotného majetku  |c Lucia Vanková 
520 |a Pokračovanie príspevku z predchádzajúceho čísla. Vysvetlenie odpisovania vstupnej ceny pri majetku v podielovom spoluvlastníctve účastníkov združenia a majetku nadobudnutého podnikovými kombináciami. 
610 2 0 |a ceny vstupné 
610 2 0 |a majetok 
610 2 0 |a odpisy 
100 1 |a Vanková, Lucia